[Event "Lee Cup 4th"]
[Site "Beijing"]
[Date "1997.08.28"]
[Round "5"]
[White "Yakovich, Yuri"]
[Black "Qin, Kanying"]
[Result "1-0"]
[WhiteElo "2610"]
[BlackElo "2370"]
[Annotator "Ribli,Z"]
[PlyCount "72"]
[EventDate "1997.08.23"]
[EventType "swiss"]
[EventRounds "11"]
[EventCountry "CHN"]
[SourceTitle "CBM 061"]
[Source "ChessBase"]
[SourceDate "1997.11.23"]
[SourceVersion "1"]
[SourceVersionDate "1997.11.23"]
[SourceQuality "1"]

1. Nf3 Nf6 2. c4 g6 3. Nc3 d5 4. cxd5 Nxd5 5. Qa4+ {Die sogenannte
Anti-Grünfeld Variante. 5.d4 Bg7 6.e4 führt zu Grünfeldindischen
Hauptvarianten.Ribli.} Bd7 (5... Nc6 6. Ne5 Ndb4 7. a3 Bg7 8. axb4 Bxe5 9. b5
$14 {Diese Variante wurde in letzter Zeit selten gespielt.Ribli.}) 6. Qh4 (6.
Qd4 Nf6 $11) 6... Bc6 7. Qd4 f6 8. e3 (8. e4 $5 Nxc3 9. bxc3 e5 10. Qe3 Qe7 11.
a4 Nd7 12. Bb5 Qc5 13. d4 $14 {Polgar,Zsu-Peelen,P Wijk-B 1990 CBM/17}) 8...
Bg7 (8... a5 9. Be2 Qd6 10. Ne4 Qb4 11. a3 Qb6 12. O-O Nd7 13. Qc4 e6 14. d4
Be7 15. Bd3 g5 16. Qc2 Bb5 17. Nc3 $14 {1-0 Ribli,Z-Mikhalchishin,A/BL 1993 
(59)}) 9. Be2 e5 10. Qc4 Qd6 (10... Nxc3 11. Qe6+ (11. bxc3 $5) 11... Qe7 12.
Qxe7+ Kxe7 13. bxc3 Nd7 14. d4 Rhd8 15. h4 exd4 16. cxd4 h5 17. Rg1 f5 18. Ng5
Bd5 19. Ba3+ Ke8 20. Bf3 Nf8 21. Ke2 Bh6 22. Bxf8 Bxf8 23. Rgc1 Rac8 {
Grebenkin-Yandemirov,V/RUS-Cup5 1997/EXP 57/0-1 (71)}) (10... Nb6 $6 11. Qe6+ (
11. Qb3 $5 Qe7 12. O-O (12. d4 $5) 12... Qf7 13. Qxf7+ Kxf7 14. d4 e4 15. Nd2
f5 16. b4 Bd7 17. Nb3 Nc6 18. a3 Ne7 19. Na5 Rab8 20. Bb2 Ned5 21. Rfc1 $14 {
+/= Cifuentes Parada,R-Leko,P/Wijk aan Zee (open) 1993}) 11... Qe7 12. Qxe7+
Kxe7 13. b4 $1 $14 a6 14. a4 Rd8 15. Bb2 $5 Nd5 16. Ba3 $5 b5 $1 $8 17. axb5
Nxc3 18. bxc6 $14 {1-0 Vaganian,R-Yandemirov,V/USSR 1988 (51)}) 11. O-O Nd7 (
11... a6 12. d4 Nd7 $14 13. dxe5 Nxe5 14. Nxe5 Qxe5 15. f4 Qd6 16. Rd1 O-O-O
17. Bf3 Nb6 18. Qf7 Rd7 19. Qb3 Qc5 20. Rxd7 Bxd7 21. Bd2 Rd8 22. Rc1 Qc4 23.
Qd1 Qd3 24. Be2 Qd6 25. Ne4 Qd5 26. Nc3 Qd6 27. Ne4 Qd5 28. Nc3 {1/2-1/2 Stohl,
I-Konopka,M/Czech tt 1993}) 12. d4 O-O-O (12... f5 13. Nb5 (13. Qb3 e4 (13...
O-O-O 14. a4 Qb4 (14... exd4 15. exd4 Rhe8 16. Bb5 Nxc3 17. bxc3 Bxf3 18. gxf3
c6 19. Bc4 Nb6 20. Bf7 Re2 21. Qd1 Qe7 22. Ba3 Qg5+ 23. Kh1 Rd2 24. Bc1 Rxd1
25. Bxg5 Rxf1+ 26. Rxf1 Rf8 27. Be6+ $14 {1-0 Wu Wenjin-Qin Kanying/ST Lee Cup
4th 1997 (39)}) 15. Qa2 Qd6 16. dxe5 Nxe5 17. Nb5 Nxf3+ 18. Bxf3 Qc5 19. Qa3
Qb6 20. Be2 Bf8 21. Qa2 a6 22. Nd4 Nf4 $13 {1/2-1/2 Chekhov,V-Lputian,S/URS-FL
Kharkov 1985/MCL 05 (32)}) 14. Nd2 a5 15. a4 h5 16. Nb5 Qe7 17. Nc4 Nf8 18. Bd2
Ne6 19. Nxa5 Rxa5 20. Bxa5 f4 21. Bc4 f3 22. Bxd5 Qg5 23. Bxc6+ Ke7 24. g3 bxc6
25. Nxc7 Nd8 26. Qb4+ Kd7 27. d5 Qg4 28. dxc6+ Nxc6 29. Rfd1+ Kc8 30. Qb6 {
1-0 Kramnik,V-Gurevich,I/Biel izt 1993/CBM 37/[Ribli]}) 13... Qe7 14. dxe5 Nxe5
15. Nxe5 Bxe5 16. Nd4 Bxd4 17. Qxd4 Qf6 18. Qxf6 Nxf6 19. Rd1 Ne4 20. f3 Nd6
21. a4 a5 22. b3 O-O-O 23. Ba3 Rhe8 24. Kf2 Re6 25. Rac1 Rde8 26. Rd3 Kd7 27.
h4 {Donchev,D-Ghinda,M/Bratislava 1983/MCD-r8/1-0 (54)}) (12... Nxc3 13. bxc3
O-O-O 14. Qb3 Nb6 15. Ba3 Qd7 16. c4 exd4 17. Nxd4 Ba4 18. Qb4 Kb8 19. Qa5 f5
20. Bb2 Rhg8 21. Rac1 Nc8 22. Bf3 Bxd4 23. exd4 b6 24. Qa6 $36 {Levitina,I-Qin
Kanying/Shanghai ctW 1992/CBM 33/1/2-1/2 (60)}) 13. a4 $36 {Mit diesem Zug
bereitet Weiß 14.Nb5 vor. Nach 14...Bxb5 wäre 15.axb5 möglich.Ribli.} Kb8 (
13... Rhe8) (13... Qb4 $2 14. Nxd5) (13... N7b6 14. Qb3) 14. Nb5 Qb4 (14...
Bxb5 15. axb5 {[%cal Ga1a7]}) 15. Qc2 {Natürlich will Weiß die Damen auf dem
Brett halten.} (15. Qxb4 Nxb4 $15 {[%csl Gb4]}) 15... f5 (15... a6 16. Bd2 Qe7
17. Nc3 (17. e4 Nb4 (17... Nf4 18. Bxf4 exf4 19. Nc3 {[%csl Gd4,Ge4]} (19. d5
$14)) 18. Qb3) 17... Nb4 18. Qb3) 16. b3 {[%csl Rb4][%cal Rc1a3]} Bxb5 $8 17.
axb5 exd4 18. exd4 N7b6 19. Bc4 (19. Ba3 Qc3) (19. Bd2 Qe7 20. Rfe1 $14) 19...
Nxc4 $6 (19... Rhe8 20. Qa2 Nc8) 20. bxc4 $36 Nb6 21. Qa2 a5 $6 (21... Nc8 22.
Bd2 $14 (22. Ba3 Qa4 23. Bb2 (23. Rfd1) (23. Rfc1 $2 Bxd4 24. Nxd4 Rxd4 25. Bb2
(25. Qb2 Rhd8) 25... Qxa2 26. Rxa2 Rd2 $17) 23... Qxa2 24. Rxa2 Rhe8 $11) (22.
Bf4 Rhe8 (22... b6 23. Be5 {[%csl Rc6]}) 23. Rfb1 Qf8 24. b6 Nxb6 25. Rxb6 $18)
) 22. c5 (22. bxa6 Qxc4 (22... bxa6 23. Rb1 $18 {[%cal Rb1b8]}) 23. a7+ Ka8 24.
Bg5 Rd7) (22. Qxa5 Qxa5 23. Rxa5 Nxc4 $11) 22... Nd5 23. Bg5 {[%csl Rb4]} (23.
Bd2 Qxb5 (23... Nc3 24. Bxc3 (24. Qc2 Ne2+ 25. Kh1 Qxb5 (25... Nxd4)) 24...
Qxc3 25. Rfc1 $16 Qb4 26. Rab1) 24. Rfb1 Qa6) 23... Nc3 (23... Bf6 24. Rfb1 {
[%csl Rb4]}) 24. Qxa5 (24. Qc2 Rde8 $13) 24... Qxa5 25. Rxa5 $16 {Weiß hat
einen Bauern gewonnen und besitzt aktives Spiel.} b6 $8 (25... Rde8 26. Rfa1)
26. cxb6 cxb6 27. Ra6 (27. Bxd8 $5 bxa5 28. Bxa5 Ne2+ (28... Nxb5 29. Rb1 $18)
29. Kh1 Nxd4 30. Bc3 Ne6 (30... Rd8 31. Rd1) 31. Bxg7 Nxg7 32. Rc1 $16) 27...
Ne2+ 28. Kh1 Rc8 29. Rxb6+ Kc7 30. Rc6+ Kb8 31. Re1 Rhe8 (31... Nxd4 $2 32.
Bf4+ Ka8 (32... Kb7 33. Re7+ $18) 33. Ra6+ Kb7 34. Re7+ $18) 32. Rxc8+ Kxc8 33.
Bd2 $18 {Weiß hat zwei Bauern mehr. Wegen der Feßlung des Ne2 sind weitere
Vereinfachungen günstig für Weiß.Ribli.} Kd7 (33... Re4 34. Ng5 Re8 35. d5 $18)
(33... Kb7 34. Ng1 $18) 34. b6 Bxd4 (34... Nxd4 35. Rxe8 Kxe8 36. b7 (36. Nxd4
Bxd4 37. b7 Ba7 (37... Be5 38. g3 $18) 38. Bf4 $18) 36... Nc6 37. Bf4 $18) 35.
Nxd4 Nxd4 36. Rxe8 Kxe8 (36... Kxe8 37. b7 Nc6 38. Bf4 $18) 1-0

[Event "Kecskemet"]
[Site "Kecskemet"]
[Date "1990.??.??"]
[Round "13"]
[White "Hertneck, Gerald"]
[Black "Muse, Mladen"]
[Result "1-0"]
[WhiteElo "2480"]
[BlackElo "2425"]
[Annotator "Ribli,Z"]
[PlyCount "45"]
[EventDate "1990.06.??"]
[EventType "tourn"]
[EventRounds "13"]
[EventCountry "HUN"]
[EventCategory "8"]
[SourceTitle "CBM 020"]
[Source "ChessBase"]
[SourceDate "1991.02.01"]
[SourceVersion "1"]
[SourceVersionDate "1991.02.01"]
[SourceQuality "1"]

1. c4 Nf6 2. Nc3 d5 3. cxd5 Nxd5 4. Nf3 Nxc3 5. bxc3 g6 6. Ba3 Bg7 7. e3 O-O 8.
Be2 b6 9. h4 $5 c5 10. h5 Bb7 11. Qa4 e5 12. hxg6 hxg6 13. Qg4 e4 14. Ng5 Re8
15. O-O-O Nd7 16. Bc4 Re7 17. d4 Nf6 18. Nxf7 Rxf7 19. Qxg6 Bd5 20. dxc5 Rd7 $2
(20... Bxc4 $5 21. Rxd8+ Rxd8) 21. Rxd5 $1 Rxd5 22. Qf5 bxc5 23. Qe6+ 1-0

[Event "Kecskemet"]
[Site "Kecskemet"]
[Date "1990.??.??"]
[Round "11"]
[White "Videki, Sandor"]
[Black "Reeh, Oliver"]
[Result "1/2-1/2"]
[WhiteElo "2440"]
[BlackElo "2425"]
[Annotator "Ribli,Z"]
[PlyCount "128"]
[EventDate "1990.06.??"]
[EventType "tourn"]
[EventRounds "13"]
[EventCountry "HUN"]
[EventCategory "8"]
[SourceTitle "CBM 020"]
[Source "ChessBase"]
[SourceDate "1991.02.01"]
[SourceVersion "1"]
[SourceVersionDate "1991.02.01"]
[SourceQuality "1"]

1. c4 g6 2. Nc3 Bg7 3. g3 Nf6 4. Bg2 O-O 5. Nf3 d6 6. O-O Nc6 7. Rb1 a5 8. a3
Nh5 9. Qc2 (9. d4 $1) 9... f5 10. b4 axb4 11. axb4 e5 12. d3 Nd4 13. Qd2 f4 14.
b5 Bg4 15. Nxd4 exd4 16. Nd5 Be5 17. Qc2 fxg3 18. hxg3 Nxg3 19. fxg3 Rxf1+ 20.
Bxf1 Bxg3 21. Bf4 Bxf4 22. Nxf4 Qg5 23. Ng2 Rf8 24. Qc1 Qe5 25. Qe1 g5 26. e4
Rf6 27. Qd2 Rh6 28. Kf2 Rh3 29. Be2 Qg3+ 30. Kg1 Qh2+ 31. Kf2 Qg3+ 32. Kg1 Be6
33. Rf1 Qh2+ 34. Kf2 Re3 35. Qa2 Bh3 36. Ke1 $1 Qg3+ 37. Kd1 Rxd3+ 38. Bxd3
Qxd3+ 39. Ke1 Qxe4+ 40. Qe2 Bxg2 41. Rg1 Qxe2+ 42. Kxe2 Be4 43. Rxg5+ Kf7 44.
Rg4 d3+ 45. Ke3 Bf5 46. Rg2 b6 47. Ra2 Ke6 48. Ra7 Kd7 49. Ra8 Bg6 50. Rg8 Bf5
51. Rg7+ Kc8 52. Rg8+ Kb7 53. Rg7 Bg6 54. Re7 h6 55. Rg7 Bf5 56. Rg2 h5 57. Rg5
Be6 58. Kxd3 h4 59. Kd4 c5+ 60. bxc6+ Kxc6 61. Rg6 Bd7 62. Rh6 h3 63. Rh5 Be6
64. Rh7 Bd7 1/2-1/2

[Event "Lee Cup 4th"]
[Site "Beijing"]
[Date "1997.08.23"]
[Round "1"]
[White "Van Wely, Loek"]
[Black "Yin, Hao"]
[Result "1-0"]
[WhiteElo "2655"]
[BlackElo "2410"]
[Annotator "Ribli,Z"]
[PlyCount "61"]
[EventDate "1997.08.23"]
[EventType "swiss"]
[EventRounds "11"]
[EventCountry "CHN"]
[SourceTitle "CBM 061"]
[Source "ChessBase"]
[SourceDate "1997.11.23"]
[SourceVersion "1"]
[SourceVersionDate "1997.11.23"]
[SourceQuality "1"]

1. c4 Nf6 2. Nc3 d5 3. cxd5 Nxd5 4. g3 Nb6 (4... g6 5. Bg2 Nxc3 6. bxc3 Bg7 7.
Rb1 $14) 5. Bg2 g6 6. h4 $5 (6. d3 Bg7 7. h4 h5 8. Nh3 Nc6 9. Ng5 Nd4 (9... Bg4
10. Qb3 O-O 11. Be3 Nd4 12. Bxd4 Qxd4 13. Rc1 c6 14. Be4 Qd6 15. Bf3 Bc8 16.
O-O Nd7 17. Nge4 Qb8 18. Bg2 Ne5 19. d4 Ng4 20. Rfd1 $14 {1-0 Giorgadze,
G-Menendez Rey,J/Mondariz op 1994 (30)}) 10. O-O O-O 11. e3 Nf5 12. d4 c6 13.
Qb3 e6 14. a4 Nd5 15. a5 $14 {Bukal,V-Schwartzman,G/Dortmund-D 1991/1-0 (41)})
6... Bg7 $6 {Meiner Meinung nach muß Schwarz auf 6.h4 mit 6...h6 oder 6...h5
reagieren.Ribli.} (6... h6 7. d3 Bg7 8. Be3 O-O (8... N8d7 9. a4 Nf6 10. a5
Nbd5 11. Bd4 Nf4 12. gxf4 Qxd4 13. Qa4+ Qxa4 14. Rxa4 $14 {1-0 Seirawan,
Y-Kortschnoj,V/Wijk 1983/MCD-r8 (39)}) 9. Qd2 Kh7 10. Nh3 (10. Nf3 $5) 10...
N8d7 11. Ne4 e6 12. Nc5 Nd5 13. Nxd7 Bxd7 14. Bc5 Re8 $13 {Rozhkovan-Baby,A/
Vladivostok op 1995/EXP 46/0-1 (55)}) (6... h5 7. d3 Bg7 8. Be3 N8d7 9. a4 Nf6
10. a5 Nbd5 11. Nxd5 Nxd5 12. Bd4 $1 Nf6 13. Qa4+ c6 14. a6 O-O 15. Nf3 $14 {
1-0 Paehtz,T-Doncevic,D/BL9091 1991 (41)}) 7. h5 $14 {Mit dem Textzug bekommt
Weiß freie Hand am Königsflügel, und das ist unangenehm für Schwarz.} Nc6 (7...
c6 8. d3 a5 9. Nf3 Na6 10. a3 Nc7 11. Na4 Nxa4 12. Qxa4 Nb5 13. hxg6 hxg6 14.
Rxh8+ Bxh8 15. Qh4 $36 {Alster,L-Holas,J/CSR-ch Podebrady 1956/MCD-ch/1-0 (53)}
) 8. Nf3 Ne5 (8... O-O 9. d3 {Und Weiss hat einen klaren Plan: Be3,Qd2,Bh6.
Der Nb6 steht schlecht und fehlt am Königsflügel.Ribli.}) 9. d3 Nxf3+ 10. Bxf3
{[%csl Gf3]} c6 11. Be3 Be6 $6 (11... Nd5 $5 12. Nxd5 cxd5 13. Qb3 e6 (13... d4
14. Bg5 Qa5+ 15. Bd2 $14) 14. hxg6 (14. Rc1 $5) 14... hxg6 15. Rxh8+ Bxh8 16.
Rc1 $14) 12. Qd2 {Weiß nutzt den schwarzen Tempoverlust und wird am
Kömigsflügel aktiv.} Nd5 13. Bh6 Bxh6 14. Qxh6 {[%csl Gh6]} Qa5 (14... Nb4 15.
O-O (15. Rc1 Nxa2 16. Nxa2 Bxa2 17. hxg6 fxg6 18. Qxg6+ hxg6 19. Rxh8+ Kd7 20.
Rxd8+ Kxd8 (20... Rxd8 21. Ra1 {[%csl Ra7]}) 21. Kd2 $14) 15... Nc2 16. Rac1
Nd4 17. hxg6 (17. Bg2 Nf5) 17... Nxf3+ 18. exf3 fxg6) 15. hxg6 fxg6 (15... Nxc3
16. gxf7+ Bxf7 17. Qd2 {mit Bauernvorteil für Weiß.Ribli.}) 16. Bxd5 $1 {
Nach diesem Tausch bleibt Schwarz ohne Gegenspiel.Ribli.} cxd5 (16... Bxd5 17.
Qxg6+ hxg6 18. Rxh8+ Kd7 19. Rxa8 Qb4 20. O-O-O $16) 17. Qg7 {[%csl Gg7]} (17.
Qxg6+ $2 hxg6 18. Rxh8+ Kd7 19. Rxa8 d4 $19) 17... Kd7 18. Qd4 {[%csl Gd4,Rd7]
Weiß hat eine gut zentraslisierte Dame, während der gegnerische König in der
Mitte steht. Zudem hat Weiß die viel bessere Bauernstruktur.} (18. Rxh7 $2 Rxh7
19. Qxh7 d4) 18... Qb6 19. Qxb6 axb6 20. Rh6 {[%csl Gh6,Rh7]} Kc6 $6 (20... d4
21. Nb5 Rxa2 22. Rxa2 Bxa2 23. Nxd4 $16) 21. a3 Raf8 22. Rc1 {[%csl Rc6] Bei
reduziertem Material hat Weiß gefährliche Initiative, während Schwarz kein
Gegenspiel bekommt.} d4 23. Ne4+ Kd7 (23... Kd5 24. Rc7 $16) 24. Ng5 Bd5 (24...
Bg8 25. Nf3 $16 {[%csl Rd4]}) 25. Rxh7 $16 Rc8 (25... Rxh7 26. Nxh7 Rh8 27. Ng5
Rh1+ 28. Kd2 Rh2 29. e4 dxe3+ (29... Rxf2+ 30. Ke1 $18) 30. Kxe3 $16) 26. Rxc8
Rxc8 27. Rh4 (27. Kd2 $16) 27... e5 28. f4 {Praktisch alle schwarzen Bauern
sind schwach.Ribli.} Kd6 29. Rh6 exf4 (29... Rg8 30. f5 $16) 30. gxf4 Rg8 31.
Kf2 $18 {Und Schwarz gab auf, da er seine Schwächen nicht halten kann.Ribli.} (
31. f5 $18) 1-0

[Event "RUS-ch"]
[Site "Elista"]
[Date "1994.??.??"]
[Round "8"]
[White "Yasinsky, Vladimir"]
[Black "Yandemirov, Valeri"]
[Result "0-1"]
[WhiteElo "2360"]
[BlackElo "2535"]
[Annotator "Ribli,Z"]
[PlyCount "138"]
[EventDate "1994.09.??"]
[EventType "swiss"]
[EventRounds "11"]
[EventCountry "RUS"]
[SourceTitle "CBM 044"]
[Source "ChessBase"]
[SourceDate "1995.02.01"]
[SourceVersion "1"]
[SourceVersionDate "1995.02.01"]
[SourceQuality "1"]

1. c4 Nf6 2. Nc3 d5 3. cxd5 Nxd5 4. g3 g6 5. Bg2 Nxc3 6. bxc3 Bg7 7. Rb1 Nd7 8.
c4 (8. Nf3 O-O 9. O-O Nb6 10. Ng5 Qd7 11. Qb3 Qg4 12. Nf3 Be6 13. Qc2 Qc4 14.
Ng5 $36 {Ribli,Z-Gutman,L/Bundesliga/1986-87/INF44,14/}) 8... O-O 9. d3 (9. Nf3
Rb8 10. O-O b6 11. d4 e5 12. Ba3 Re8 13. dxe5 Bb7 14. Qc2 Nxe5 15. Rfd1 Qc8 $10
{Botvinnik-Smyslov/Moscow m/1958/}) 9... Nb6 (9... Rb8 10. Qa4 Nb6 11. Qa5 $14
(11. Qxa7 $4 Ra8 $19)) 10. Nf3 (10. Bb2 e5 11. Nf3 $6 (11. Qc2 $5) 11... e4 $1
12. dxe4 (12. Bxg7 $2 exf3 13. Bxf8 fxg2 $19) 12... Qxd1+ 13. Kxd1 Nxc4 14.
Bxg7 Kxg7 $13) 10... Bd7 11. Bb2 (11. O-O Ba4 (11... Bc6 $5) 12. Qd2 Bc6 13.
Bb2 Bxb2 14. Qxb2 $14) 11... Bxb2 12. Rxb2 Bc6 13. O-O Rb8 (13... e5 14. Nd2 (
14. Nxe5 $2 Bxg2 15. Kxg2 Qd4 $19) 14... Bxg2 15. Kxg2 $14) 14. Qc1 Nd7 15. Qh6
Bxf3 (15... Nf6 16. Ng5 Bxg2 17. Kxg2 $36) 16. Bxf3 b6 17. Rb5 (17. h4 Ne5 18.
Bg2 Qd4 $13) 17... e5 18. h4 Nc5 19. h5 g5 $8 20. Bd5 (20. Rfb1 Qe7 $5 $13 (
20... Kh8 $2 21. Rxc5 bxc5 22. Rxb8 Qxb8 23. Qf6+ Kg8 24. h6 $18)) 20... Kh8 (
20... Qe7 21. e3 (21. f4 gxf4 22. gxf4 Kh8 23. Rf2 $13) 21... Rbd8 22. f4 exf4
23. exf4 $36) 21. e3 (21. f4 gxf4 22. gxf4 Rg8+ (22... Qh4 $5) 23. Kf2 Qe7 $36
(23... Qh4+ 24. Ke3 $13)) (21. Rd1 $5) 21... f6 (21... Nxd3 $2 22. Be4 f5 23.
Rd5 Qe7 24. Bxd3 c6 25. Qd6 $18) 22. Rd1 $6 (22. f4 $2 exf4 23. exf4 Qd6 $17) (
22. d4 $1 $36) 22... Qe7 23. Rbb1 (23. d4 exd4 24. exd4 Qe2 25. Rbb1 Nd3 $15)
23... Rbd8 24. d4 Na4 $1 25. Rb3 Rd6 26. Ra3 Nb2 (26... f5 $5 27. Qxf8+ Qxf8
28. Rxa4 (28. dxe5 $2 Rxd5 $19) 28... exd4 $17) 27. Rxa7 Rfd8 (27... f5 28.
Rxc7 Rxh6 29. Rxe7 Nxd1 30. dxe5 $17) 28. Rd2 f5 29. Rxc7 $1 Qxc7 30. Qxg5 Nxc4
31. dxe5 Nxd2 $2 (31... Rxd5 $1 32. Qf6+ Kg8 (32... Qg7 33. Qxd8+ Rxd8 34.
Rxd8+ Qg8 35. Rxg8+ Kxg8 $17) 33. Rxd5 Rxd5 34. Qe6+ Qf7 35. Qc8+ Kg7 36. Qxc4
Rd1+ $19) 32. exd6 Qxd6 33. h6 Nf3+ $2 (33... Qf8 $1 $19) 34. Bxf3 Rg8 35. Qf4
$2 (35. Qxf5 $1 $44) 35... Qxf4 36. exf4 Rg6 37. Kf1 Rxh6 38. Ke2 Rd6 39. Bg2
Kg7 40. Bh3 Kf6 41. Ke3 Rd1 42. Bg2 Ke6 43. Bf3 Ra1 44. Be2 Kf6 45. Bc4 h6 46.
Bb3 Rc1 47. Kf3 Rg1 48. Bc2 Ke6 49. Bb3+ Kf6 50. Ba4 h5 51. Be8 h4 $1 52. gxh4
Rg4 53. h5 Rg8 54. Bb5 (54. Bg6 Ra8 $19) 54... Rh8 55. Ke3 Rxh5 56. a4 Rh3+ 57.
f3 Rh1 58. Kd4 Rd1+ 59. Kc3 Ra1 60. Kb4 Ra2 61. Ba6 Rb2+ 62. Kc3 Rf2 63. Bb7
Ke6 64. Kd4 Kd6 65. Kc3 Kc5 66. Kb3 Rd2 67. a5 bxa5 68. Bc8 Rd5 69. Be6 Kd4 $1
0-1

[Event "FRA-ch"]
[Site "Montpellier"]
[Date "1991.??.??"]
[Round "?"]
[White "Hauchard, Arnaud"]
[Black "Miralles, Gilles"]
[Result "1/2-1/2"]
[WhiteElo "2435"]
[BlackElo "2445"]
[Annotator "Ribli,Z"]
[PlyCount "78"]
[EventDate "1991.08.??"]
[EventType "tourn"]
[EventRounds "15"]
[EventCountry "FRA"]
[EventCategory "8"]
[SourceTitle "CBM 027"]
[Source "ChessBase"]
[SourceDate "1992.04.01"]
[SourceVersion "1"]
[SourceVersionDate "1992.04.01"]
[SourceQuality "1"]

1. Nf3 Nf6 2. c4 g6 3. Nc3 d5 4. cxd5 Nxd5 5. Qa4+ Bd7 6. Qh4 Nxc3 (6... Nf6 $5
) 7. dxc3 Nc6 8. e4 e5 9. Qxd8+ (9. Bg5 $5 Be7 10. Bc4 h6 11. Bxe7 Qxe7 12.
Qxe7+ Kxe7 13. O-O-O Rhd8 14. Bd5 Kf6 15. Rd2 Rab8 16. Rhd1 Be8 17. Ne1 Ne7 18.
Bb3 Rxd2 19. Rxd2 Nc6 20. Rd5 Ke7 21. Nc2 Bd7 22. Ba4 $1 a6 23. Nb4 b5 24. Nxa6
bxa4 25. Nxb8 Nxb8 26. Rxe5+ $14 {Neverov,V-Krasenkov,M Moscow op 1990 EXP/19})
9... Rxd8 10. Be3 f6 11. Nd2 a5 (11... h5 12. O-O-O Bh6 13. Bxh6 Rxh6 14. Nb3
b6 15. Bb5 Ne7 16. Bxd7+ Rxd7 $10 {Barbero,G-Epishin,V Frankfurt 1990 CBM/20})
12. Bc4 h5 13. a4 b6 14. Ke2 Ke7 15. Bb5 Bh6 16. Bxh6 Rxh6 17. Nc4 Be6 18. Ne3
Na7 19. Bc4 Bxc4+ 20. Nxc4 Nc8 21. Rhd1 Rhh8 22. Ne3 c6 23. f3 Rxd1 24. Rxd1
Nd6 25. b4 Ke6 26. bxa5 bxa5 27. Rb1 Kd7 28. Kd3 Kc7 29. Nc4 Rd8 $1 30. Nxd6
Rxd6+ 31. Kc4 Rd2 32. Kc5 Rxg2 33. Rb6 Rxh2 34. Rxc6+ Kd7 35. Rxf6 Rg2 36. Kd5
Ke7 37. Ra6 h4 38. Kxe5 Kf7 39. Ra7+ Kg8 1/2-1/2

[Event "World Cup"]
[Site "Reykjavik"]
[Date "1991.??.??"]
[Round "12"]
[White "Ljubojevic, Ljubomir"]
[Black "Ivanchuk, Vassily"]
[Result "1/2-1/2"]
[WhiteElo "2600"]
[BlackElo "2735"]
[Annotator "Ribli,Z"]
[PlyCount "33"]
[EventDate "1991.09.??"]
[EventType "tourn"]
[EventRounds "15"]
[EventCountry "ISL"]
[EventCategory "16"]
[SourceTitle "CBM 026"]
[Source "ChessBase"]
[SourceDate "1992.02.01"]
[SourceVersion "1"]
[SourceVersionDate "1992.02.01"]
[SourceQuality "1"]

1. Nf3 Nf6 2. c4 g6 3. g3 Bg7 4. Bg2 O-O 5. O-O d5 6. cxd5 Nxd5 7. Nc3 Nc6 8.
Qa4 (8. Nxd5 $5 Qxd5 9. d3) 8... Nb6 9. Qh4 Bf6 (9... f6 10. Bh3 e6 11. d4 $6 (
11. d3 Qe8 12. Qe4 $10) 11... g5 $1 $15 {Hernandez,R-Rogoff Las Palmas 1976 21/
24}) 10. Qh6 e5 11. d3 Bg7 12. Qg5 f6 13. Qd2 f5 14. b3 h6 15. Ba3 Re8 16. Rac1
Be6 17. e4 1/2-1/2